| 000 | 00679nam a2200133Ia 4500 | ||
|---|---|---|---|
| 008 | 100328s9999 xx 000 0 und d | ||
| 082 | _b73648 | ||
| 100 | _aवडनेरकर प्रीती. | ||
| 245 | _aमायाबाजार (अण्णासाहेब देऊळगावकर यांचे चरित्र) | ||
| 260 | _bश्रीविद्या. | ||
| 630 | _aमायाबाजार (अण्णासाहेब देऊळगावकर यांचे चरित्र) | ||
| 730 | _aमायाबाजार (अण्णासाहेब देऊळगावकर यांचे चरित्र) | ||
| 942 | _cBOOK | ||
| 999 |
_c559369 _d559366 |
||